载入...

Toward high quality education Peru /

书目详细资料
语言:Undetermined
出版: Worldbank , 2007.
丛编:Worldbank country study(WCS)
主题:
LEADER 00453nam a2200145Ia 4500
001 154312
008 170722s9999 xx 000 0 und d
245 |a Toward high quality education Peru / 
260 |b Worldbank ,  |c 2007. 
490 |a Worldbank country study(WCS) 
653 |a Education 
653 |a Peru 
942 |c GEN 
999 |c 174198  |d 174198 
952 |0 0  |1 0  |4 0  |6 COUNTRY_STUDY  |7 0  |9 240035  |a LIB  |b LIB  |d 2017-08-12  |o Country study  |p UN2863  |r 2017-08-12  |w 2017-08-12  |y GEN